Aplicaciones de la geología a la práctica del ingeniero de caminos / (Record no. 189608)
[ view plain ]
| 000 -LEADER | |
|---|---|
| campo de control de longitud fija | 00965nam a2200205 i 4500 |
| 001 - NÚMERO DE CONTROL | |
| campo de control | 189608 |
| 003 - IDENTIFICADOR DE NÚMERO DE CONTROL | |
| campo de control | SpMaBN |
| 005 - FECHA Y HORA DE LA ÚLTIMA TRANSACCIÓN | |
| campo de control | 20250827075023.0 |
| 008 - DATOS DE LONGITUD FIJA--INFORMACIÓN GENERAL | |
| campo de control de longitud fija | 190625s1869 sp f |||| | spa d |
| 100 1# - ENTRADA PRINCIPAL--NOMBRE DE PERSONA | |
| Nombre de persona | Inchaurrandieta, Rogelio ( |
| Fechas asociadas al nombre | 1836-1916) |
| 9 (RLIN) | 167426 |
| 245 10 - MENCIÓN DEL TÍTULO | |
| Título | Aplicaciones de la geología a la práctica del ingeniero de caminos / |
| Mención de responsabilidad, etc. | por Rogelio de Inchaurrandieta y Páez. |
| 260 ## - PUBLICACIÓN, DISTRIBUCIÓN, ETC. | |
| Lugar de publicación, distribución, etc. | Madrid : |
| Nombre del editor, distribuidor, etc. | Imp. y Estereotipia de M. Rivadeneyra, |
| Fecha de publicación, distribución, etc. | 1869. |
| 300 ## - DESCRIPCIÓN FÍSICA | |
| Extensión | 94 p., 2 h. de lám. pleg. ; |
| Dimensiones | 26 cm. |
| 530 ## - NOTA DISPONIBLE DE FORMULARIO FÍSICO ADICIONAL | |
| Nota de formato físico adicional disponible | Disponible en formato digital. |
| 650 #7 - PUNTO DE ACCESO ADICIONAL DE MATERIA--TÉRMINO DE MATERIA | |
| Término de materia o nombre geográfico como elemento de entrada | Geología |
| Fuente del encabezamiento o término | embne |
| 9 (RLIN) | 13086 |
| 650 #7 - PUNTO DE ACCESO ADICIONAL DE MATERIA--TÉRMINO DE MATERIA | |
| Término de materia o nombre geográfico como elemento de entrada | Ingeniería |
| Fuente del encabezamiento o término | embne |
| 9 (RLIN) | 13767 |
| 852 ## - LOCALIZACIÓN | |
| Ubicación | ES-MaACL |
| Número de control de estantería | L-32450(4) |
| Nota libre | - Enc. cart. |
| -- | - Legado Federico de Botella y de Hornos |
| -- | - Enc. en un vol. facticio, con tít. en el lomo de: España, geología: memorias varias, 3 |
| 856 ## - LOCALIZACIÓN Y ACCESO ELECTRÓNICOS | |
| Identificador Uniforme de Recursos | <a href="http://bdh-rd.bne.es/viewer.vm?id=0000077220&page=1 ">http://bdh-rd.bne.es/viewer.vm?id=0000077220&page=1 </a> |
| Nota pública | Biblioteca Digital Hispánica |
| Estatus retirado | Estado de pérdida | Estado de daño | No para préstamo | Colección | Biblioteca de origen | Biblioteca actual | Ubicación en estantería | Fecha de adquisición | Fuente de adquisición | Total de préstamos | Signatura topográfica completa | Código de barras | Visto por última vez | Precio de reemplazo | Tipo de ítem Koha |
|---|---|---|---|---|---|---|---|---|---|---|---|---|---|---|---|
| Colección digital | Biblioteca del Ateneo de Madrid | Biblioteca del Ateneo de Madrid | Depósito 2 | 25/06/2019 | L-32450(4) | 1200936 | 23/02/2023 | 23/02/2023 | Libro impreso antiguo |
